[Event "SR 4. liga A21 2018/2019"]
[Site "?"]
[Date "2018.10.14"]
[Round "1.3"]
[White "Pericka, Pavol"]
[Black "Miciak, Emanuel"]
[Result "1/2-1/2"]
[WhiteElo "1790"]
[BlackElo "1861"]
[PlyCount "39"]
[EventDate "2018.??.??"]
[WhiteTeam "CV  Brezov  pod Bradlom"]
[BlackTeam "Z K Vrbov  A"]

1. e4 c5 2. Bc4 d6 3. Nf3 Nf6 4. e5 dxe5 5. Nxe5 e6 6. d3 Bd6 7. Qe2 O-O 8. Bg5
Re8 9. Nc3 Nbd7 10. Ng4 Be7 11. h3 a6 12. O-O Nxg4 13. Bxe7 Qxe7 14. hxg4 b6
15. f4 Bb7 16. Qf2 Nf6 17. Qg3 Qd6 18. Rad1 Rad8 19. Ne4 Qd4+ 20. Nf2 1/2-1/2

[Event "SR 4. liga A21 2018/2019"]
[Site "?"]
[Date "2018.10.14"]
[Round "1.3"]
[White "Podjavorinsky, Peter"]
[Black "Skapik, Branislav"]
[Result "1/2-1/2"]
[WhiteElo "1687"]
[BlackElo "1780"]
[PlyCount "49"]
[EventDate "2018.??.??"]
[WhiteTeam "Z K Vrbov  A"]
[BlackTeam "CV  Brezov  pod Bradlom"]

1. e4 d5 2. exd5 Nf6 3. Nf3 Nxd5 4. d4 e6 5. Be2 c5 6. c4 Nb4 7. a3 N4a6 8. Nc3
cxd4 9. Qxd4 Qxd4 10. Nxd4 Bc5 11. Ndb5 O-O 12. b4 Be7 13. Bf3 Nc6 14. O-O Bf6
15. Rb1 Nd4 16. Nxd4 Bxd4 17. Nb5 Be5 18. Be3 Bb8 19. Rfd1 Nc7 20. Nd6 Nd5 21.
cxd5 Bxd6 22. dxe6 Be7 23. exf7+ Kxf7 24. Bd5+ Kg6 25. Be4+ 1/2-1/2

[Event "SR 4. liga A21 2018/2019"]
[Site "?"]
[Date "2018.10.14"]
[Round "1.3"]
[White "Svarc, Vaclav"]
[Black "Jancovicova, Petra"]
[Result "0-1"]
[WhiteElo "1159"]
[BlackElo "1630"]
[PlyCount "50"]
[EventDate "2018.??.??"]
[WhiteTeam "CV  Brezov  pod Bradlom"]
[BlackTeam "Z K Vrbov  A"]

1. e4 e5 2. Nf3 Nc6 3. Bb5 a6 4. Bc4 Nf6 5. Nc3 d6 6. d3 Be7 7. Be3 O-O 8. O-O
Bg4 9. d4 Bxf3 10. gxf3 exd4 11. Bxd4 Nxd4 12. Qxd4 Qd7 13. Ne2 Nh5 14. Ng3 Bf6
15. Qd5 Nf4 16. Qf5 Qxf5 17. Nxf5 b5 18. Bd5 Nxd5 19. exd5 Rfe8 20. Kh1 Re2 21.
Rac1 Bxb2 22. Ng3 Rd2 23. Ne4 Bxc1 24. Nxd2 Bxd2 25. Rd1 Bc3 0-1

[Event "SR 4. liga A21 2018/2019"]
[Site "?"]
[Date "2018.10.14"]
[Round "1.4"]
[White "Lajda, Dusan"]
[Black "Harasta, Marian"]
[Result "1-0"]
[WhiteElo "1765"]
[BlackElo "1657"]
[PlyCount "91"]
[EventDate "2018.??.??"]
[WhiteTeam "ZŠK Vrbové B"]
[BlackTeam "ŠK Skalica C"]

1. e4 c5 2. Nf3 Nc6 3. d4 cxd4 4. Nxd4 e5 5. Nb3 Nf6 6. f3 Be7 7. Be3 O-O 8.
Nc3 Nh5 9. Qd2 a6 10. Nd5 Bh4+ 11. g3 Nxg3 12. hxg3 Bxg3+ 13. Bf2 Bxf2+ 14.
Qxf2 Qg5 15. Qh4 Qxh4+ 16. Rxh4 d6 17. Nb6 Rb8 18. Nxc8 Rbxc8 19. c3 b5 20. a3
Rc7 21. Rd1 Rd8 22. Rh2 Ne7 23. Rhd2 Rc6 24. Na5 Rb6 25. c4 bxc4 26. Nxc4 Rc6
27. Rxd6 Rcxd6 28. Rxd6 Rxd6 29. Nxd6 a5 30. Bb5 h5 31. Nc4 h4 32. Bd7 f6 33.
Nxa5 Ng6 34. b4 Nf4 35. b5 Kf7 36. b6 Nd3+ 37. Kf1 Nc5 38. Bc8 g6 39. Nc6 Ke8
40. b7 Nxb7 41. Bxb7 Kd7 42. Nb4 f5 43. Bd5 f4 44. Nd3 Kd6 45. Kg2 g5 46. a4
1-0

[Event "SR 4. liga A21 2018/2019"]
[Site "?"]
[Date "2018.10.14"]
[Round "1.4"]
[White "Bartos, Bohumil"]
[Black "Cheben, Jozef"]
[Result "1-0"]
[WhiteElo "1559"]
[BlackElo "1568"]
[PlyCount "149"]
[EventDate "2018.??.??"]
[WhiteTeam "ŠK Skalica C"]
[BlackTeam "ZŠK Vrbové B"]

1. d4 d5 2. Nf3 Nf6 3. e3 e6 4. Bd3 c6 5. Nbd2 Nbd7 6. O-O Bd6 7. e4 dxe4 8.
Nxe4 Nxe4 9. Bxe4 Nf6 10. Bd3 Qc7 11. h3 O-O 12. Bg5 Nd5 13. c4 Nb4 14. Bb1 h6
15. Bd2 Na6 16. Qc2 f5 17. c5 Be7 18. Re1 Bf6 19. Qb3 Qf7 20. Bf4 Nb8 21. Bd3
Re8 22. Bc4 Kh8 23. Rad1 a6 24. Ne5 Bxe5 25. Bxe5 Kh7 26. Bxb8 Rxb8 27. Bxa6
Qc7 28. Bd3 b5 29. Bxf5+ Kh8 30. Bxe6 Bxe6 31. Rxe6 Rxe6 32. Qxe6 Rf8 33. Qe3
Ra8 34. a3 Rf8 35. Re1 Qf7 36. Re2 Qd5 37. Qe4 Qd7 38. Qe6 Qxd4 39. Qe3 Qd1+
40. Kh2 Qd5 41. b4 Qd7 42. Qe7 Qf5 43. Qd6 Rf6 44. Re8+ Kh7 45. Qg3 Rg6 46. Qf3
Qxf3 47. gxf3 Rf6 48. Kg3 Kg6 49. Rd8 Kg5 50. Rd6 Kf5 51. Rxf6+ Kxf6 52. Kf4
Ke6 53. Ke4 g6 54. f4 Kf6 55. h4 Ke6 56. Kf3 Kf5 57. Kg3 h5 58. Kf3 Ke6 59. Ke4
Kf6 60. f5 gxf5+ 61. Kf4 Ke6 62. Kg5 Ke5 63. Kxh5 Kf6 64. Kh6 f4 65. f3 Kf5 66.
Kg7 Ke5 67. h5 Kd4 68. h6 Ke3 69. h7 Kxf3 70. h8=Q Kg3 71. Qh1 f3 72. Qf1 f2
73. Kf6 Kf3 74. Ke5 Ke3 75. Kd6 1-0

[Event "SR 4. liga A21 2018/2019"]
[Site "?"]
[Date "2018.10.14"]
[Round "1.4"]
[White "Krchnak, Rudolf"]
[Black "Danihel, Jozef"]
[Result "1-0"]
[WhiteElo "1653"]
[BlackElo "1521"]
[PlyCount "89"]
[EventDate "2018.??.??"]
[WhiteTeam "ZŠK Vrbové B"]
[BlackTeam "ŠK Skalica C"]

1. d4 e6 2. Nf3 Nf6 3. e3 b6 4. Bd3 Bb7 5. Nbd2 d5 6. Qe2 Nbd7 7. O-O c5 8. c3
Bd6 9. e4 dxe4 10. Nxe4 Nxe4 11. Bxe4 Qc7 12. Re1 Nf6 13. Bxb7 Qxb7 14. Bg5 Nd7
15. Rad1 O-O 16. Qe4 Qxe4 17. Rxe4 c4 18. d5 exd5 19. Rxd5 Nc5 20. Rxc4 Nb7 21.
Rcd4 Bc5 22. Rd1 h6 23. Bh4 f6 24. Kf1 Rfe8 25. Bg3 Rad8 26. Rxd8 Rxd8 27.
Rxd8+ Nxd8 28. b4 Be7 29. b5 Nb7 30. Nd4 Bd6 31. Nc6 Bxg3 32. hxg3 Nd6 33. Nxa7
Kf7 34. Ke2 Ke6 35. Kd3 Kd5 36. Nc6 Kc5 37. Nd4 g5 38. g4 Nf7 39. f3 Nd6 40. a4
Ne8 41. Nb3+ Kd5 42. c4+ Ke5 43. g3 Nc7 44. c5 Kd5 45. cxb6 1-0

[Event "SR 4. liga A21 2018/2019"]
[Site "?"]
[Date "2018.10.14"]
[Round "1.4"]
[White "Romanova, Ela"]
[Black "Holan, Jaroslav"]
[Result "1-0"]
[WhiteElo "1341"]
[BlackElo "1460"]
[PlyCount "61"]
[EventDate "2018.??.??"]
[WhiteTeam "ŠK Skalica C"]
[BlackTeam "ZŠK Vrbové B"]

1. e4 e6 2. d4 d5 3. exd5 exd5 4. Nf3 Bg4 5. Nc3 Nf6 6. Bd2 c5 7. dxc5 Bxc5 8.
Bg5 O-O 9. Be2 Qb6 10. O-O Qxb2 11. Bxf6 gxf6 12. Nxd5 Rd8 13. Rb1 Rxd5 14.
Qxd5 Qxc2 15. Bc4 Be6 16. Qxc5 Qxc4 17. Qxc4 Bxc4 18. Rfc1 Be6 19. a3 b6 20.
Rc7 Nd7 21. Nd4 Nc5 22. Nc6 Re8 23. f3 Nd3 24. Nxa7 Ba2 25. Rd1 Nc5 26. Rc6 Bb3
27. Rb1 Bc2 28. Rc1 Ba4 29. Rxb6 Nd3 30. Rcb1 Bc2 31. Rb8 1-0

[Event "SR 4. liga A21 2018/2019"]
[Site "?"]
[Date "2018.10.14"]
[Round "1.4"]
[White "Jancovic, Stanislav"]
[Black "Dubanova, Kristina"]
[Result "1-0"]
[WhiteElo "1154"]
[BlackElo "1092"]
[PlyCount "71"]
[EventDate "2018.??.??"]
[WhiteTeam "ZŠK Vrbové B"]
[BlackTeam "ŠK Skalica C"]

1. e4 e5 2. Nf3 Nc6 3. d4 Bd6 4. Bc4 Na5 5. Bxf7+ Kxf7 6. dxe5 Bc5 7. Qd5+ Ke8
8. Qxc5 b6 9. Qc3 c6 10. O-O d5 11. exd6 Qxd6 12. Qxg7 Qf6 13. Qxf6 Nxf6 14. e5
Nd5 15. b3 Rg8 16. Kh1 Nb4 17. Na3 Bg4 18. Bd2 c5 19. Bxb4 cxb4 20. Nb5 Rg7 21.
Rfe1 a6 22. Nbd4 Ke7 23. Nh4 Rf8 24. f3 Bd7 25. e6 Rgg8 26. Nhf5+ Ke8 27. exd7+
Kxd7 28. Re7+ Kc8 29. Nd6+ Kb8 30. Rae1 h6 31. Rh7 Rf6 32. Nc4 Nb7 33. Ree7 Nc5
34. Ne5 Rd6 35. Nec6+ Kc8 36. Rc7# 1-0

[Event "SR 4. liga A21 2018/2019"]
[Site "?"]
[Date "2018.10.14"]
[Round "1.5"]
[White "Sedlak, Rastislav"]
[Black "Zajicek, Ferdinand"]
[Result "1/2-1/2"]
[WhiteElo "1670"]
[BlackElo "1754"]
[PlyCount "92"]
[EventDate "2018.??.??"]
[WhiteTeam "ŠK Kúpele Pieš�any B"]
[BlackTeam "ŠK Nafta Gbely C"]

1. e4 c5 2. Nf3 d6 3. d4 cxd4 4. Nxd4 Nc6 5. Bc4 Nf6 6. Nc3 Bd7 7. O-O g6 8.
Be3 Bg7 9. Nb3 O-O 10. f3 Qc8 11. Qd2 Be6 12. Bxe6 Qxe6 13. Bh6 a6 14. Bxg7
Kxg7 15. Nd4 Nxd4 16. Qxd4 Kg8 17. Nd5 Nxd5 18. Qxd5 b5 19. Qxe6 fxe6 20. c3
Rfc8 21. a4 bxa4 22. Rxa4 Rab8 23. Rf2 Rc6 24. Rc2 Rb3 25. g4 g5 26. Kf2 Kf7
27. Ke3 e5 28. Ra5 Rcb6 29. Ra2 e6 30. Rd2 h6 31. Kf2 Ke7 32. Kg3 Kf6 33. h4
Kg6 34. hxg5 hxg5 35. Rh2 d5 36. Rd2 R3b5 37. b4 Kf6 38. Ra1 Rc6 39. Rd3 Kg6
40. Rad1 dxe4 41. fxe4 a5 42. bxa5 Rxa5 43. Rb1 Ra3 44. Rc1 Rc4 45. Kf3 Rb3 46.
Re3 Ra3 1/2-1/2

[Event "SR 4. liga A21 2018/2019"]
[Site "?"]
[Date "2018.10.14"]
[Round "1.5"]
[White "Kastler, Peter"]
[Black "Divinec, Peter"]
[Result "0-1"]
[WhiteElo "1758"]
[BlackElo "1552"]
[PlyCount "88"]
[EventDate "2018.??.??"]
[WhiteTeam "ŠK Nafta Gbely C"]
[BlackTeam "ŠK Kúpele Pieš�any B"]

1. d4 f5 2. c4 Nf6 3. Nc3 g6 4. g3 Bg7 5. Bg2 O-O 6. f4 c6 7. Nf3 d6 8. O-O Ne4
9. Nxe4 fxe4 10. Nd2 d5 11. e3 b6 12. cxd5 cxd5 13. b3 Nc6 14. Bb2 Nb4 15. Ba3
a5 16. Bxb4 axb4 17. Qc2 Ba6 18. Rfc1 Rc8 19. Qd1 Qd7 20. Rxc8 Rxc8 21. Rc1
Rxc1 22. Qxc1 Qc8 23. Qxc8+ Bxc8 24. Bf1 h5 25. Be2 Kf7 26. Kg2 Bg4 27. Bxg4
hxg4 28. Nf1 Ke6 29. h3 Kf5 30. Nh2 gxh3+ 31. Kxh3 g5 32. g4+ Kg6 33. Kg3 gxf4+
34. Kxf4 Bh6+ 35. Ke5 Bxe3 36. Kxd5 Bf4 37. Nf1 e3 38. Nxe3 Bxe3 39. Ke5 Kg5
40. d5 Kxg4 41. d6 exd6+ 42. Kxd6 Kf3 43. Kc6 Ke2 44. Kb5 Bc5 0-1

[Event "SR 4. liga A21 2018/2019"]
[Site "?"]
[Date "2018.10.14"]
[Round "1.5"]
[White "Veres, Marcel"]
[Black "Ralbovsky, Milan"]
[Result "1-0"]
[WhiteElo "1466"]
[BlackElo "1387"]
[PlyCount "81"]
[EventDate "2018.??.??"]
[WhiteTeam "ŠK Kúpele Pieš�any B"]
[BlackTeam "ŠK Nafta Gbely C"]

1. e4 e5 2. Nf3 Nc6 3. Nc3 Nf6 4. Bc4 h6 5. b3 a6 6. Bb2 d6 7. h3 Be7 8. d4 b5
9. Bd5 Bb7 10. O-O Rb8 11. dxe5 Nxe5 12. Bxb7 Rxb7 13. Nxe5 dxe5 14. Qe2 Bd6
15. Rad1 O-O 16. Nd5 Nxd5 17. Rxd5 Qg5 18. f4 Qe7 19. Bxe5 Bxe5 20. Rxe5 Qd6
21. Rd5 Qe6 22. f5 Qb6+ 23. Kh1 Re8 24. e5 Qc6 25. Rfd1 Rbb8 26. R1d2 Qc3 27.
e6 fxe6 28. fxe6 Qf6 29. Re5 Re7 30. Rd7 Rbe8 31. Rxe7 Rxe7 32. Kg1 g6 33. Re4
Kg7 34. c4 bxc4 35. Rxc4 Qf5 36. Rc6 Qf6 37. Rxa6 Qd4+ 38. Kh2 Qf4+ 39. g3 Qc1
40. Ra8 Qc6 41. Qe5+ 1-0

[Event "SR 4. liga A21 2018/2019"]
[Site "?"]
[Date "2018.10.14"]
[Round "1.6"]
[White "Slaby, Jozef"]
[Black "Cerovsky, Marian"]
[Result "1/2-1/2"]
[WhiteElo "1739"]
[BlackElo "1782"]
[PlyCount "60"]
[EventDate "2018.??.??"]
[WhiteTeam "ŠK Kamenár Chtelnica"]
[BlackTeam "ŠO Kopèany"]

1. Nf3 d5 2. c4 c6 3. b3 dxc4 4. bxc4 Qa5 5. Bb2 Qb4 6. Qb3 Qxb3 7. axb3 Bf5 8.
d3 Nd7 9. g3 f6 10. Bg2 e5 11. O-O Bb4 12. Ra4 a5 13. d4 exd4 14. Nxd4 Bg6 15.
Nc3 Nc5 16. Ra2 Rd8 17. Na4 Nxa4 18. Rxa4 Rd6 19. e3 Ne7 20. Ba3 Bxa3 21. Rxa3
b6 22. Rc1 c5 23. Nb5 Rd7 24. Bh3 Bf5 25. Raa1 O-O 26. Rd1 Rfd8 27. Nc3 Rd3 28.
Bf1 R3d6 29. Rxd6 Rxd6 30. Rd1 Rxd1 1/2-1/2

[Event "SR 4. liga A21 2018/2019"]
[Site "?"]
[Date "2018.10.14"]
[Round "1.6"]
[White "Piestansky, Jan"]
[Black "Damborsky, Pavol"]
[Result "1/2-1/2"]
[WhiteElo "1638"]
[BlackElo "1614"]
[PlyCount "66"]
[EventDate "2018.??.??"]
[WhiteTeam "ŠK Kamenár Chtelnica"]
[BlackTeam "ŠO Kopèany"]

1. e4 e5 2. Nf3 d6 3. h3 Nf6 4. d3 h6 5. Nc3 a6 6. Be2 Be7 7. Be3 c5 8. O-O Nc6
9. a3 Nd4 10. Nd5 Nxe2+ 11. Qxe2 Nxd5 12. exd5 O-O 13. c4 Bf5 14. Nd2 Bf6 15.
Ne4 Bxe4 16. dxe4 Bg5 17. f4 exf4 18. Bxf4 Bxf4 19. Rxf4 Qe7 20. Rf3 Rae8 21.
Re1 Qh4 22. Re3 Re5 23. Qf2 Qxf2+ 24. Kxf2 Rfe8 25. g4 g5 26. Kf3 Kg7 27. Rb3
R5e7 28. Rb6 Rd7 29. Re3 Kf6 30. Re2 Ke5 31. Rd2 Kf6 32. Rb3 Rde7 33. Re3 Kg6
1/2-1/2

[Event "SR 4. liga A21 2018/2019"]
[Site "?"]
[Date "2018.10.14"]
[Round "1.6"]
[White "Dubecky, Ladislav"]
[Black "Pripko, Bystrik"]
[Result "0-1"]
[WhiteElo "1602"]
[BlackElo "1618"]
[PlyCount "134"]
[EventDate "2018.??.??"]
[WhiteTeam "ŠO Kopèany"]
[BlackTeam "ŠK Kamenár Chtelnica"]

1. e4 e5 2. f4 exf4 3. Nf3 d6 4. Bc4 Be6 5. Bxe6 fxe6 6. d4 Nd7 7. Bxf4 Qf6 8.
Bg5 Qg6 9. Qe2 h6 10. Bh4 Be7 11. O-O Bxh4 12. Nxh4 Qg5 13. Nf3 Qe7 14. e5 d5
15. Nc3 a6 16. Nd2 Qg5 17. Rf3 Ne7 18. Rg3 Qh4 19. Rxg7 Qxd4+ 20. Kh1 Qxe5 21.
Qg4 Qf5 22. Qa4 Qe5 23. Qg4 Qf5 24. Qb4 Qf6 25. Qg4 h5 26. Qg5 Qxg5 27. Rxg5
O-O-O 28. Re1 d4 29. Ncb1 e5 30. Nf3 Nc6 31. Nbd2 Rde8 32. a3 b5 33. Rg3 Kb7
34. Rg7 Nf6 35. Ng5 Rhg8 36. Rxg8 Rxg8 37. h4 Ng4 38. Ndf3 Re8 39. Ne4 Kb6 40.
b3 Ne3 41. Re2 Ne7 42. Nxe5 N7f5 43. Nd7+ Kc6 44. Ndf6 Re6 45. Kh2 Nxh4 46. c3
Nhf5 47. cxd4 Ng4+ 48. Nxg4 hxg4 49. Rc2+ Kd5 50. Ng5 g3+ 51. Kh3 Rh6+ 52. Kg4
Ne3+ 53. Kxg3 Nxc2 54. Nf3 Nxa3 55. Kf4 Nc2 56. Kg5 Rh8 57. g4 Nxd4 58. Nd2 Rf8
59. Kh6 Ne6 60. g5 Rg8 61. Nf3 Nxg5 62. Nxg5 c5 63. Nf3 c4 64. bxc4+ Kxc4 65.
Kh7 Rg3 66. Ne5+ Kb3 67. Nc6 b4 0-1

[Event "SR 4. liga A21 2018/2019"]
[Site "?"]
[Date "2018.10.14"]
[Round "1.6"]
[White "Kuracina, Lubomir"]
[Black "Sprusansky, Ferdinand"]
[Result "1/2-1/2"]
[WhiteElo "1487"]
[BlackElo "1358"]
[PlyCount "72"]
[EventDate "2018.??.??"]
[WhiteTeam "ŠK Kamenár Chtelnica"]
[BlackTeam "ŠO Kopèany"]

1. e4 e5 2. Nf3 Nc6 3. Bb5 a6 4. Bxc6 bxc6 5. d4 exd4 6. Qxd4 c5 7. Qd3 Bb7 8.
c4 d6 9. Nc3 Nf6 10. Bg5 Be7 11. Nd2 h6 12. Bh4 Qd7 13. h3 O-O 14. f4 Rfe8 15.
O-O Nxe4 16. Bxe7 Nxd2 17. Qxd2 Rxe7 18. Rae1 Rae8 19. Rxe7 Rxe7 20. Re1 Rxe1+
21. Qxe1 Qc6 22. Qe2 Qd7 23. g4 Qc6 24. Nd5 Qa4 25. b3 Qa3 26. Kf2 Qc1 27. Kg3
Bxd5 28. cxd5 Qc3+ 29. Kg2 a5 30. h4 Qd4 31. Qe8+ Kh7 32. Qxf7 Qd2+ 33. Kh1
Qe1+ 34. Kg2 Qxh4 35. Qf5+ Kh8 36. Qf8+ Kh7 1/2-1/2

[Event "SR 4. liga A21 2018/2019"]
[Site "?"]
[Date "2018.10.28"]
[Round "2.1"]
[White "Nemeckay, Rastislav"]
[Black "Cerovsky, Marian"]
[Result "1-0"]
[WhiteElo "1950"]
[BlackElo "1782"]
[PlyCount "39"]
[EventDate "2018.??.??"]
[WhiteTeam "Å K Å tefanov"]
[BlackTeam "Å O KopÄ�any"]

1. e4 e5 2. Nf3 Nc6 3. Bb5 a6 4. Bxc6 dxc6 5. d4 exd4 6. Qxd4 Qxd4 7. Nxd4 Bc5
8. Be3 Nf6 9. f3 O-O 10. Nf5 Bxe3 11. Nxe3 Be6 12. Nc3 a5 13. Kf2 b5 14. Ne2 c5
15. Nf4 Bd7 16. Nfd5 Nxd5 17. Nxd5 Ra7 18. Rhd1 h6 19. Ne7+ Kh7 20. Rxd7 1-0

[Event "SR 4. liga A21 2018/2019"]
[Site "?"]
[Date "2018.10.28"]
[Round "2.1"]
[White "Damborsky, Pavol"]
[Black "Vozarova, Adriana"]
[Result "1/2-1/2"]
[WhiteElo "1614"]
[BlackElo "1592"]
[PlyCount "120"]
[EventDate "2018.??.??"]
[WhiteTeam "Å O KopÄ�any"]
[BlackTeam "Å K Å tefanov"]

1. e4 c5 2. Bc4 Nc6 3. Nf3 g6 4. c3 Bg7 5. a3 Nf6 6. d3 O-O 7. h3 d5 8. exd5
Nxd5 9. O-O Nb6 10. Ba2 Bf5 11. Be3 Bxd3 12. Re1 c4 13. Bc5 Re8 14. Nbd2 Nd7
15. Be3 b5 16. Ng5 Nf6 17. Qf3 Ne5 18. Qb7 Qd7 19. Qxd7 Nexd7 20. Bd4 e5 21.
Be3 Nd5 22. Nde4 Nxe3 23. Rxe3 Bxe4 24. Nxe4 a6 25. Rd1 Red8 26. Bb1 Nf6 27.
Nxf6+ Bxf6 28. Ree1 Bg7 29. Be4 Rab8 30. g4 Bh6 31. Bd5 Bf4 32. Kg2 Kg7 33. h4
Rb6 34. Bf3 Rbd6 35. Rxd6 Rxd6 36. Rb1 f5 37. gxf5 gxf5 38. Bb7 e4 39. Bc8 Kf6
40. h5 h6 41. Re1 a5 42. Rb1 b4 43. axb4 axb4 44. cxb4 Rb6 45. Rd1 Ke5 46. Rd7
Rb8 47. Bb7 Ke6 48. Rg7 Ke5 49. b5 Rd8 50. Rc7 Kd4 51. Rf7 Rg8+ 52. Kf1 Rg5 53.
Rf6 Kd3 54. Bc8 Bh2 55. Rg6 Rxh5 56. b6 Rg5 57. Rxg5 hxg5 58. Bxf5 Kd4 59. Ke2
Bf4 60. b7 Bd6 1/2-1/2

[Event "SR 4. liga A21 2018/2019"]
[Site "?"]
[Date "2018.10.28"]
[Round "2.1"]
[White "Klimes, Karel"]
[Black "Dubecky, Ladislav"]
[Result "1-0"]
[WhiteElo "1668"]
[BlackElo "1602"]
[PlyCount "47"]
[EventDate "2018.??.??"]
[WhiteTeam "Å K Å tefanov"]
[BlackTeam "Å O KopÄ�any"]

1. e4 e5 2. Nf3 d6 3. Bc4 h6 4. c3 Nf6 5. Qe2 Bg4 6. d3 Be7 7. Be3 Nc6 8. Nbd2
O-O 9. h3 Bh5 10. g4 Bg6 11. Nh4 Bh7 12. g5 hxg5 13. Bxg5 Qd7 14. O-O-O a6 15.
Rdg1 b5 16. Bb3 b4 17. Bh6 Bg6 18. Nxg6 gxh6 19. Nxe5+ Kh7 20. Nxd7 Nxd7 21.
Qg4 Bf6 22. Qxd7 bxc3 23. Qf5+ Kh8 24. Qxf6+ 1-0

[Event "SR 4. liga A21 2018/2019"]
[Site "?"]
[Date "2018.10.28"]
[Round "2.1"]
[White "Pisecky, Jan"]
[Black "Wallner, Juraj"]
[Result "0-1"]
[WhiteElo "1372"]
[BlackElo "1551"]
[PlyCount "76"]
[EventDate "2018.??.??"]
[WhiteTeam "Å O KopÄ�any"]
[BlackTeam "Å K Å tefanov"]

1. e4 c5 2. Nf3 e6 3. c3 d5 4. Bb5+ Bd7 5. Bxd7+ Qxd7 6. Ne5 Qc7 7. Qa4+ Nc6 8.
Nxc6 bxc6 9. d3 Nf6 10. g3 Be7 11. Bf4 e5 12. Bg5 O-O 13. Nd2 h6 14. Bxf6 Bxf6
15. Nb3 Be7 16. Na5 Rfc8 17. a3 Rab8 18. b4 d4 19. Nb3 dxc3 20. Nxc5 Bxc5 21.
bxc5 Rb5 22. O-O Rxc5 23. Qb4 Qb6 24. Rfc1 Rd8 25. Rab1 Rb5 26. Qxb5 cxb5 27.
Rxc3 a6 28. Rbc1 Qd6 29. Kf1 b4 30. axb4 Qxb4 31. Ke2 Qb5 32. h4 a5 33. f4 exf4
34. gxf4 Qh5+ 35. Kd2 Qxh4 36. f5 Qf2+ 37. Kd1 Qf1+ 38. Kc2 Qe2+ 0-1

[Event "SR 4. liga A21 2018/2019"]
[Site "?"]
[Date "2018.10.28"]
[Round "2.2"]
[White "Brunovsky, Peter"]
[Black "Slaby, Jozef"]
[Result "1-0"]
[WhiteElo "1839"]
[BlackElo "1739"]
[PlyCount "59"]
[EventDate "2018.??.??"]
[WhiteTeam "Å K Nafta Gbely C"]
[BlackTeam "Å K KamenÃ¡r Chtelnica"]

1. c4 Nf6 2. Nc3 c5 3. e4 d6 4. g3 Nc6 5. Bg2 g6 6. Nge2 Bg7 7. O-O O-O 8. d3
a6 9. h3 Qc7 10. Be3 Rb8 11. Rc1 Bd7 12. Qd2 b5 13. b3 b4 14. Nd5 Nxd5 15. exd5
Nd4 16. Nxd4 Bxd4 17. Bxd4 cxd4 18. Rfe1 e5 19. dxe6 fxe6 20. Re4 e5 21. Rh4
Be6 22. Re1 Qf7 23. f4 g5 24. fxg5 Rbd8 25. Be4 Qd7 26. Rxh7 Rf7 27. g6 Rg7 28.
Qh6 Rxh7 29. gxh7+ Kh8 30. Qf6+ 1-0

[Event "SR 4. liga A21 2018/2019"]
[Site "?"]
[Date "2018.10.28"]
[Round "2.2"]
[White "Vagovic, Milan"]
[Black "Kubis, Ivan"]
[Result "1/2-1/2"]
[WhiteElo "1697"]
[BlackElo "1907"]
[PlyCount "108"]
[EventDate "2018.??.??"]
[WhiteTeam "Å K KamenÃ¡r Chtelnica"]
[BlackTeam "Å K Nafta Gbely C"]

1. d4 Nf6 2. Nf3 e6 3. e3 b6 4. c4 Bb7 5. Nc3 Be7 6. Bd3 d5 7. cxd5 exd5 8. a3
O-O 9. b4 Nbd7 10. Bb2 Ne4 11. O-O f5 12. Qb3 Ndf6 13. h3 g5 14. Bxe4 Nxe4 15.
Nxe4 fxe4 16. Ne5 Bd6 17. Rac1 Qe8 18. b5 a5 19. a4 Qe6 20. Ba3 Rf5 21. Bxd6
Qxd6 22. Qb2 Re8 23. Qc3 Re7 24. Rc2 h5 25. Rfc1 Rg7 26. g3 Rf8 27. Qe1 Qe6 28.
Kg2 Bc8 29. Qh1 Qf5 30. Qh2 Re7 31. g4 Qf6 32. gxh5 Rh7 33. Qg3 Rxh5 34. Rh1
Qd6 35. Rc6 Qd8 36. Ng4 Rf3 37. Qxc7 Qxc7 38. Rxc7 Bxg4 39. hxg4 Rxh1 40. Kxh1
Rxf2 41. Rc6 Rf3 42. Rxb6 Rxe3 43. Kg2 Ra3 44. Rg6+ Kf7 45. Rxg5 Rxa4 46. Rxd5
Rb4 47. b6 a4 48. b7 Rxb7 49. Ra5 Rb4 50. d5 Kf6 51. d6 Ke6 52. Ra6 e3 53. Kf3
Rxg4 54. Kxe3 Rb4 1/2-1/2

[Event "SR 4. liga A21 2018/2019"]
[Site "?"]
[Date "2018.10.28"]
[Round "2.2"]
[White "Zajicek, Ferdinand"]
[Black "Piestansky, Jan"]
[Result "0-1"]
[WhiteElo "1754"]
[BlackElo "1638"]
[PlyCount "76"]
[EventDate "2018.??.??"]
[WhiteTeam "Å K Nafta Gbely C"]
[BlackTeam "Å K KamenÃ¡r Chtelnica"]

1. e4 e5 2. Nf3 d6 3. Nc3 Nf6 4. Bc4 h6 5. h3 Be7 6. O-O O-O 7. d3 Nc6 8. a3 a6
9. Ne2 Be6 10. Ba2 Bxa2 11. Rxa2 Nh7 12. Be3 f5 13. exf5 Rxf5 14. Ng3 Rf7 15.
Qd2 Qf8 16. Raa1 Nd8 17. Rae1 c5 18. c4 Ne6 19. Bxc5 Nxc5 20. b4 Ne6 21. Qe3
Nf4 22. c5 Nxh3+ 23. Kh2 N3g5 24. Nh4 Rf6 25. Ngf5 Rxf5 26. Nxf5 Qxf5 27. f4
Nf7 28. fxe5 Qxe5+ 29. Kg1 Qxe3+ 30. Rxe3 Bf8 31. d4 dxc5 32. dxc5 Nf6 33. Rc1
Rd8 34. g3 Rd7 35. Rc4 Rc7 36. Re6 Nd8 37. Re3 Nd5 38. Rd4 Nxe3 0-1

[Event "SR 4. liga A21 2018/2019"]
[Site "?"]
[Date "2018.10.28"]
[Round "2.2"]
[White "Pripko, Bystrik"]
[Black "Kastler, Peter"]
[Result "1/2-1/2"]
[WhiteElo "1618"]
[BlackElo "1758"]
[PlyCount "120"]
[EventDate "2018.??.??"]
[WhiteTeam "Å K KamenÃ¡r Chtelnica"]
[BlackTeam "Å K Nafta Gbely C"]

1. e4 e6 2. d4 d5 3. c3 dxe4 4. Nd2 Nf6 5. Nc4 b6 6. Ne5 Bb7 7. Ne2 Be7 8. Ng3
O-O 9. Be3 Nbd7 10. Nh5 Nxe5 11. Nxf6+ Bxf6 12. dxe5 Bxe5 13. Qg4 Qf6 14. Rc1
Rfd8 15. Bc4 Bd5 16. Bb3 Bxb3 17. axb3 Qg6 18. Qxg6 hxg6 19. Ke2 Rd7 20. h3
Rad8 21. Rcd1 Rxd1 22. Rxd1 Rxd1 23. Kxd1 a5 24. Kc2 f5 25. g3 Kf7 26. h4 Bd6
27. Kd2 e5 28. Ke2 c5 29. c4 f4 30. Bd2 Kf6 31. g4 Ke6 32. Be1 Kf6 33. Kd2 g5
34. h5 g6 35. hxg6 Kxg6 36. Ke2 Kf6 37. Kd2 Ke6 38. Ke2 Bc7 39. Kd2 Kd6 40. Ke2
Kc6 41. Kd2 b5 42. Kc2 a4 43. Bd2 e3 44. cxb5+ Kxb5 45. bxa4+ Kxa4 46. fxe3 f3
47. Be1 e4 48. Bf2 Ba5 49. Bg3 c4 50. Bf2 Kb4 51. Be1+ Kc5 52. Bf2 Bc7 53. b3
cxb3+ 54. Kxb3 Ba5 55. Bg3 Bc7 56. Bf2 Bh2 57. Kc3 Kd5 58. Kb3 Ke5 59. Kc4 Bf4
60. Kc5 Bh2 1/2-1/2

[Event "SR 4. liga A21 2018/2019"]
[Site "?"]
[Date "2018.10.28"]
[Round "2.2"]
[White "Mraz, Jan"]
[Black "Kuracina, Lubomir"]
[Result "1-0"]
[WhiteElo "1683"]
[BlackElo "1487"]
[PlyCount "115"]
[EventDate "2018.??.??"]
[WhiteTeam "Å K Nafta Gbely C"]
[BlackTeam "Å K KamenÃ¡r Chtelnica"]

1. d4 d5 2. b3 e6 3. Bb2 h6 4. e3 a6 5. c4 Nf6 6. Bd3 Be7 7. Nd2 O-O 8. Rc1
Nbd7 9. Ngf3 Rb8 10. O-O b5 11. c5 c6 12. Qe2 Nh7 13. Bxh7+ Kxh7 14. Qd3+ f5
15. g3 Qe8 16. Ne5 Nxe5 17. dxe5 Bd8 18. f4 a5 19. Rf2 Qh5 20. Rg2 Qg4 21. h4
Bd7 22. Nf1 Be8 23. Rcc2 Bh5 24. Nh2 Qh3 25. g4 Be8 26. h5 g6 27. hxg6+ Bxg6
28. Qe2 h5 29. g5 h4 30. Rc1 Rh8 31. Rf1 Kg7 32. Rf3 Qxg2+ 33. Qxg2 Be7 34. Rh3
Bxc5 35. Bd4 Bb6 36. Bxb6 Rxb6 37. Qf2 c5 38. Nf3 a4 39. Nd2 axb3 40. axb3 Ra6
41. Qe2 c4 42. bxc4 bxc4 43. Nb3 Bh5 44. Qf1 Bg4 45. Rh2 Ra3 46. Nd4 Rha8 47.
Nc2 Ra2 48. Qb1 R8a7 49. Rf2 Kg6 50. Qb8 Ra8 51. Qd6 R2a6 52. Qe7 R8a7 53. Qe8+
Kg7 54. Nd4 Ra1+ 55. Kh2 R7a2 56. Nxe6+ Kh7 57. Qd7+ Kh8 58. Qg7# 1-0

[Event "SR 4. liga A21 2018/2019"]
[Site "?"]
[Date "2018.10.28"]
[Round "2.3"]
[White "Hrubsa, Marian"]
[Black "Musaev, Urmat"]
[Result "0-1"]
[WhiteElo "1925"]
[BlackElo "1818"]
[PlyCount "66"]
[EventDate "2018.??.??"]
[WhiteTeam "Å K Skalica C"]
[BlackTeam "Å K KÃºpele PieÅ¡Å¥any B"]

1. e4 c5 2. Nf3 d6 3. d4 cxd4 4. Nxd4 Nf6 5. Nc3 a6 6. Be2 e6 7. Be3 Be7 8. O-O
Nc6 9. a3 O-O 10. Qe1 Nxd4 11. Bxd4 e5 12. Be3 Ng4 13. Bxg4 Bxg4 14. Nd5 Rc8
15. c3 f5 16. f3 Bh5 17. Qd2 Be8 18. Rad1 Rc6 19. Nb4 Rc8 20. Qd5+ Kh8 21. Qxb7
Rb8 22. Qa7 f4 23. Bf2 Bb5 24. Rfe1 Qe8 25. Nd5 Rf7 26. Nc7 Qc8 27. Nd5 Rb7 28.
Nb6 Qc7 29. Nd5 Qc6 30. Nxe7 Rfxe7 31. Qa8+ Re8 32. Rxd6 Rxa8 33. Rxc6 Bxc6 0-1